000 00340 a2200121 4500
001 ART_25789
005 20260410161601.0
008 260409a
245 1 0 _aLavado de dinero
100 1 _aWainstein, Mario
700 1 _adel Castillo, Daniel
773 0 _tProfesional & Empresaria
_g- Año VII, Nº 76 (ene. 2006)
_wREV70
999 _c9752
_d9752